000 00356nam a2200133Ia 4500
008 240624s9999 xx 000 0 und d
041 _aeng
082 _a658.4012 HIG
100 _aHIGH PETER A
245 _aIMPLEMENTING WORLD CLASS IT STRATEGY HOW
260 _c2014
_aSan Francisco
_bJossey-Bass
300 _axiv, : 222 : p. : cm. ; 23
365 _c
_b25
999 _c24150
_d24150